000 00803nam a2200229Ii 4500
003 JO-AjNU
008 230605s9999||||xx |||||||||||||| ||und||
017 _a2021/7/3779
020 _a978-9923-35-068-3
040 _aJO-AjNU
_bara
_erda
_cJO-AjNU
041 _aara
050 1 4 _aPJ7553.2022
100 3 _aلافي، رباب محمد عبد الرحمن,
_eauthor
_963003
245 0 0 _aالمبرد ناقدا
250 _aط1
264 3 1 _aعمان: دار الجنان للنشر والتوزيع، 2021
300 _a336ص
336 _atext
_btxt
_2rdacontent
337 _aunmediated
_bn
_2rdamedia
338 _avolume
_bnc
_2rdacarrier
650 4 _aالادباء العرب-النقد الادبي-الاعمال الادبية-الادب العربي-العصر العباسي
_963004
999 _aA28556
_c32124
_d32124